1411 1914 1111 1760 1182 1696 1184 1302 1876 1074 1017 1534 1632 1468 1464 1091 1417 1386 1870 1610 1928 1049 1266 1019 1517 1021 1064 1262 1484 1762 1599 1823 1859 1546 1356 1780 1461 1395 1181 1870 1508 1233 1447 1269 1225 1880 1884 1842 1913 1469 1542 1552 1078 1731 1361 1959 1491 1442 1688 1870 1742 1738 1452 1367 1966 1633 1085 1511 1130 1424 1841 1361 1575 1270 1515 1175 1891 1883 1493 1707 1085 1967 1523 1335 1719 1145 1142 1892 1311 1981 1303 1083 1069 1535 1214 1020 1582 1471 1464 BCNSPRNW ULIB Ver.6.0+V

เปลี่ยนเป็นภาษาไทย

Change to English
 แสดงรายละเอียดบรรณานุกรม
  กลับหน้าหลัก

Brief Record : Get Marc (ISO 2709) : E-mail record : QR code < ปิดหน้าต่าง
LEADER : 00000nam 2200000uu 4500
001    13399122554
003     ULIB
008    130730s2549||||th 000 0 tha d
060 04 ^aWY152^bศ471อ
100 0  ^aศิริมา วงศ์แหลมทอง
245 10 ^aเอกสารประกอบคำสอน หลักสูตรพยาบาลศาสตร์บัณฑิต(ต่อเนื่อง) วิชาการพยาบาลผู้ใหญ่และผู้สูงอายุ 1 รหัสวิชา พย.3106 /^cศิริมา วงศ์แหลมทอง
250    ^aพิมพ์ครั้งที่ 1
260    ^aนครสวรรค์ :^bวิทยาลัยพยาบาลบรมราชชนนี สวรรค์ประชารักษ์ นครสวรรค์,^c2549
300    ^a184 หน้า
650  7 ^aการพยาบาลผู้สูงอายุ
650  7 ^aผู้สูงอายุ^xการดูแล
710 2  ^aสถาบันพระบรมราชชนก. ^bวิทยาลัยพยาบาลบรมราชชนนี สวรรค์ประชารักษ์ นครสวรรค์
945    ^p0^l0^i20001
995    ^aทศพร
999    ^aทศพร เกษรทอง
รายการนี้ยังไม่มีแท็ก
คุณยังไม่ได้ล็อกอิน คุณสามารถมีกิจกรรมร่วมกับเว็บไซต์ได้ แต่ต้องล็อกอินก่อน ::
  ล็อกอิน

รายการสื่อสารสนเทศ

ลำดับที่ ประเภท เลขเรียก/บาร์โค้ด สถานที่ สถานะ
1. Book การพยาบาล
Book การพยาบาล
WY152 ศ471อ ฉ.1 
  Barcode: 20001
ห้องสมุดวิทยาเขตสวรรค์ประชารักษ์
►หนังสือทั่วไป
บนชั้น

รายการใกล้เคียง
    ผู้แต่ง [ศิริมา วงศ์แหลมทอง]

    หัวเรื่อง [การพยาบาลผู้สูงอายุ]
    หัวเรื่อง [ผู้สูงอายุ การดูแล]

BibComment


ยังไม่เคยถูกคอมเมนท์

คอมเมนท์ทรัพยากรรายการนี้
  คอมเมนท์: เอกสารประกอบคำสอ..


 Copyright 2026. Bcnsprnw @Library